000 00880nam a2200241Ia 4500
003 OSt
005 20221005105356.0
006 a|||||r|||| 00| 0
007 ta
008 221004b |||||||| |||| 00| 0 hin d
024 _a30009
037 _cTextual
040 _aCRL
_cCRL
_bhin
041 _2hin
_ahin
082 _aW, 152L6
100 _aदेसाई, ए. आर.
245 0 _aभारतीय राष्ट्रवाद की सामाजिक पृष्ठभूमि
246 _aBhāratīya rāṣhṭravād kī sāmājik pṛuṣhṭhabhūmi
260 _aनई दिल्ली
_bदि मैकमिलन कंपनी ऑफ इंडिया लिमिटेड भारत
_c1976
300 _a365पृ.
_ccm.
942 _hW, 152L6
_cTEXL
_2cc
999 _c1015643
_d1015643